Use of leisure time in middle years and anticipated use in older age /

Bibliographic Details
Corporate Author: Texas Agricultural Experiment Station
Format: Government Document Book
Language:English
Published: College Station, Texas : Texas A & M University Dept. of Agriculture, 1968.
Series:MP ; 863.
Subjects:

MARC

Tag First Indicator Second Indicator Subfields
LEADER 00000cam a2200000 i 4500
001 in00001404934
005 20151020064053.0
008 860425s1968 txu 000 0 eng d
035 |a (OCoLC)13496240 
035 |9 AHP4442AM 
040 |a CSA  |c CSA  |d OCL  |d TXA  |d UtOrBLW 
049 |a TXAO 
086 |a Z TA245.7 M681 NO.863  |2 txdocs 
090 |a BJ1498  |b .T4 
110 2 |a Texas Agricultural Experiment Station. 
245 1 0 |a Use of leisure time in middle years and anticipated use in older age /  |c Agricultural Experiment Station, Texas A & M University. 
264 1 |a College Station, Texas :  |b Texas A & M University Dept. of Agriculture,  |c 1968. 
300 |a 20 pages ;  |c 28 cm. 
336 |a text  |b txt  |2 rdacontent 
337 |a unmediated  |b n  |2 rdamedia 
338 |a volume  |b nc  |2 rdacarrier 
490 1 |a MP ;  |v 863 
500 |a "January 1968" 
650 0 |a Leisure. 
830 0 |a MP ;  |v 863. 
999 |a MARS 
999 f f |s e0d5790c-3b13-3efd-8970-557304db051c  |i 229b2958-7101-3eb3-8b19-05a551c5fc97  |t 0 
952 f f |p normal  |a Texas A&M University  |b College Station  |c Sterling C. Evans Library  |d Evans: Texas Documents (Annex 5th floor)  |t 0  |e Z TA245.7 M681 NO.856-895  |h Superintendent of Documents classification  |i unmediated -- volume  |k no.856-895  |l -1968:Sept  |m A14816097282 
952 f f |a Texas A&M University  |b College Station  |c Sterling C. Evans Library  |d Evans: Texas Documents (Annex 5th floor)  |t 0  |e Z TA245.7 M681 NO.856-895  |h Superintendent of Documents classification 
998 f f |a Z TA245.7 M681 NO.856-895  |s no.856-858,860-863,865-868,870-873,876-880,882-885,887-890,893-895  |t 0  |l Evans: Texas Documents (Annex 5th floor)